[Event "Nassau-ch"]
[Site "Nassau"]
[Date "2009.10.26"]
[Round "2"]
[White "Bonin, Jay R"]
[Black "Stenzel, Harold G"]
[Result "1-0"]
[WhiteElo "2388"]
[BlackElo "2003"]
[PlyCount "85"]
[EventDate "2009.10.19"]
[EventType "swiss"]
[EventRounds "10"]
[EventCountry "USA"]
[SourceTitle "EXT 2011"]
[Source "ChessBase"]
[SourceDate "2010.11.26"]
[SourceVersion "1"]
[SourceVersionDate "2010.11.26"]
[SourceQuality "1"]

1. d4 Nc6 2. Bg5 Nf6 3. Bxf6 exf6 4. e3 d5 5. c4 Be6 6. Nc3 Bb4 7. cxd5 Bxd5 8. Nge2 Bc4 9. Nf4 Bxf1 10. Kxf1 Qd7 11. Rc1 0-0 12. Ncd5 Bd6 13. Nh5 Qe6 14. Qf3 Kh8 15. g4 Rfe8 16. h4 Qe4 17. Kg2 Rac8 18. Qxe4 Rxe4 19. Kf3 Ree8 20. Rc2 Nb4 21. Nxb4 Bxb4 22. Rhc1 Bd6 23. Ng3 Bxg3 24. Kxg3 Re7 25. d5 Rd7 26. e4 Kg8 27. g5 fxg5 28. hxg5 f6 29. gxf6 gxf6 30. Kf4 Kf7 31. Kf5 Re7 32. f4 Rd7 33. e5 fxe5 34. fxe5 Ke8 35. d6 c6 36. Ke6 Rg7 37. Rf2 Rd8 38. Rcf1 Rg6+ 39. Rf6 Rg8 40. d7+ Rxd7 41. Rf8+ Rxf8 42. Rxf8+ Kxf8 43. Kxd7 1-0

[Event "Nassau CC-ch"]
[Site "Mineola"]
[Date "2007.10.15"]
[Round "1"]
[White "Stenzel, Harold G"]
[Black "Bonin, Jay R"]
[Result "0-1"]
[WhiteElo "2000"]
[BlackElo "2427"]
[PlyCount "120"]
[EventDate "2007.10.15"]
[EventType "swiss"]
[EventRounds "10"]
[EventCountry "USA"]
[SourceTitle "EXT 2009"]
[Source "ChessBase"]
[SourceDate "2008.11.26"]
[SourceVersion "1"]
[SourceVersionDate "2008.11.26"]
[SourceQuality "1"]

1. e4 Nc6 2. d4 d5 3. e5 Bf5 4. Bb5 e6 5. Nf3 Bg4 6. c3 f6 7. Bf4 a6 8. Bxc6+ bxc6 9. h3 Bh5 10. Qa4 Bxf3 11. Qxc6+ Kf7 12. gxf3 Ne7 13. Qa4 Ng6 14. Bg3 fxe5 15. dxe5 Bc5 16. b4 Bb6 17. Nd2 Rf8 18. h4 Kg8 19. Rd1 Rf5 20. Nc4 Qe8 21. Qxe8+ Rxe8 22. h5 Nf4 23. Nxb6 cxb6 24. Bxf4 Rxf4 25. Rd3 Ref8 26. Ke2 R8f5 27. Re3 h6 28. a4 Rg5 29. Rd1 Rxh5 30. Rd4 Rhf5 31. a5 b5 32. Rxf4 Rxf4 33. Kf1 g5 34. Kg2 Kf7 35. Kg3 Kg6 36. Re1 h5 37. Re3 Kf5 38. Kg2 Rc4 39. Kg3 h4+ 40. Kh3 Kf4 41. Kg2 Rc8 42. Kh3 Rf8 43. Kh2 Rf5 44. Kg2 Rxe5 45. Rd3 Re1 46. Rd4+ Kf5 47. Rd3 Ke5 48. Rd4 Rc1 49. Rd3 Kd6 50. Kh2 Rc2 51. Kg2 e5 52. Kf1 Rb2 53. Kg2 Rb3 54. Re3 d4 55. cxd4 Rxe3 56. fxe3 exd4 57. exd4 Kd5 58. Kh3 Kxd4 59. f4 gxf4 60. Kxh4 f3 0-1

[Event "New York State-ch 129th"]
[Site "New York"]
[Date "2007.09.01"]
[Round "1"]
[White "Stenzel, Harold G"]
[Black "Dougherty, Michael J"]
[Result "0-1"]
[WhiteElo "2106"]
[BlackElo "2211"]
[PlyCount "80"]
[EventDate "2007.09.01"]
[EventType "swiss"]
[EventRounds "6"]
[EventCountry "USA"]
[SourceTitle "CBM 120 Extra"]
[Source "ChessBase"]
[SourceDate "2007.11.01"]
[SourceVersion "1"]
[SourceVersionDate "2007.11.01"]
[SourceQuality "1"]

1. e4 c5 2. Nf3 Nc6 3. d4 cxd4 4. Nxd4 Nf6 5. Nc3 d6 6. Bg5 Qb6 7. Bxf6 gxf6 8. Nxc6 bxc6 9. Qd2 f5 10. Be2 Bg7 11. Rb1 fxe4 12. Nxe4 Bf5 13. Ng3 Bg6 14. 0-0 h5 15. Bd3 h4 16. Nf5 Be5 17. h3 Rh5 18. Ne3 Qd4 19. Qe2 Qf4 20. Ng4 Bxd3 21. Qxd3 Rb8 22. Qa6 Kf8 23. Nxe5 Rxe5 24. Qxa7 Reb5 25. b3 R8b7 26. Qa3 Rg5 27. Qc1 Qf5 28. Qe3 Rb5 29. Rbe1 e6 30. c4 Ra5 31. a4 Qg6 32. Qe4 Raf5 33. Qxc6 d5 34. cxd5 Rxg2+ 35. Kh1 Rf3 36. Re3 Rgxf2 37. Qc5+ Kg8 38. Rg1 Qxg1+ 39. Kxg1 Rf1+ 40. Kg2 R3f2# 0-1

[Event "Nassau CC-ch"]
[Site "Mineola"]
[Date "2006.12.18"]
[Round "10"]
[White "Guevara, Robert N"]
[Black "Stenzel, Harold G"]
[Result "1/2-1/2"]
[WhiteElo "2088"]
[BlackElo "2000"]
[PlyCount "102"]
[EventDate "2006.10.16"]
[EventType "swiss"]
[EventRounds "10"]
[EventCountry "USA"]
[SourceTitle "EXT 2008"]
[Source "ChessBase"]
[SourceDate "2007.11.25"]
[SourceVersion "1"]
[SourceVersionDate "2007.11.25"]
[SourceQuality "1"]

1. d4 Nc6 2. Nf3 d6 3. Bg5 g6 4. e3 Bg7 5. c3 Nf6 6. Nbd2 0-0 7. d5 Nb8 8. Bc4 c6 9. e4 cxd5 10. exd5 Nbd7 11. 0-0 Nb6 12. Qb3 Nxc4 13. Qxc4 Bd7 14. Rfe1 Re8 15. Ne4 Nxe4 16. Qxe4 Qb6 17. Re2 Rac8 18. Qh4 e5 19. Bh6 Qb5 20. Bxg7 Kxg7 21. Rd2 Rc4 22. Qg5 Re4 23. h3 f6 24. Qg3 Rc8 25. Nh2 Bf5 26. Nf1 Re2 27. Rad1 Rxd2 28. Rxd2 Be4 29. Qg4 f5 30. Qg5 Re8 31. Ne3 h6 32. Qh4 g5 33. Qh5 Rf8 34. Qd1 Qb6 35. Kf1 Qa6+ 36. Kg1 f4 37. Ng4 h5 38. Nh2 Kh6 39. a3 Rc8 40. f3 Bg6 41. Qe1 Rc5 42. h4 Qb6 43. hxg5+ Kxg5 44. Kh1 Qb5 45. g3 Rxd5 46. gxf4+ exf4 47. Qe7+ Kh6 48. Qf8+ Kh7 49. Qe7+ Kh6 50. Qf8+ Kh7 51. Qe7+ Kh6 1/2-1/2

[Event "Nassau CC-ch"]
[Site "Nassau"]
[Date "2001.12.03"]
[Round "8"]
[White "Stenzel, Harold G"]
[Black "Luchan, Jason"]
[Result "1/2-1/2"]
[WhiteElo "2039"]
[BlackElo "2050"]
[PlyCount "196"]
[EventDate "2001.??.??"]
[EventType "swiss"]
[EventRounds "10"]
[EventCountry "USA"]
[SourceTitle "EXT 2003"]
[Source "ChessBase"]
[SourceDate "2002.11.25"]
[SourceVersion "1"]
[SourceVersionDate "2002.11.25"]
[SourceQuality "1"]

1. e4 e6 2. d4 d5 3. Nc3 Bb4 4. e5 b6 5. Qg4 Bf8 6. f4 Ne7 7. Be3 Nf5 8. Bf2 Qd7 9. Bd3 Ba6 10. Bxf5 exf5 11. Qf3 c6 12. 0-0-0 Be7 13. Be3 Qe6 14. Nge2 Nd7 15. h3 h5 16. Rdg1 h4 17. g4 hxg3 18. Qxg3 g6 19. h4 0-0-0 20. Rg2 Rh5 21. Ng1 Rdh8 22. Rgh2 Nf8 23. Nf3 Qd7 24. Qf2 Ne6 25. Ne2 Bxe2 26. Qxe2 Kb7 27. Ng5 Bd8 28. c3 b5 29. Qd2 Qe8 30. Nf3 Be7 31. Bf2 Qd8 32. Bg3 Qb6 33. Ng5 Bxg5 34. hxg5 Ng7 35. Rxh5 Nxh5 36. Rh4 Qd8 37. Qh2 Qe8 38. Bf2 a6 39. Be3 Rh7 40. Kd2 Qh8 41. Bf2 Kc7 42. b4 Kd7 43. a3 Qd8 44. Ke3 Rh8 45. Be1 Qb6 46. Qb2 a5 47. bxa5 Qxa5 48. Qb4 Qxb4 49. axb4 Ra8 50. Rh2 Ra1 51. Re2 Ng7 52. Kf2 Ne6 53. Ke3 Nc7 54. Bd2 Na8 55. Re1 Ra3 56. Kd3 Nb6 57. Bc1 Ra1 58. Bd2 Ra2 59. Rc1 Nc4 60. Rc2 Ra8 61. Be1 Rh8 62. Bf2 Rh3+ 63. Ke2 Nb6 64. Rc1 Na4 65. Be3 Rh2+ 66. Bf2 Nb2 67. Rc2 Na4 68. Rc1 Kc7 69. Rc2 Rh3 70. Be3 Nb6 71. Bf2 Nd7 72. Be3 Nf8 73. Rc1 Rh2+ 74. Kd3 Ne6 75. Rc2 Rh3 76. Rf2 Ng7 77. Ke2 Nh5 78. Rf3 Rh4 79. Bd2 Rh1 80. Be1 Rg1 81. Kf2 Rh1 82. Ke2 Rh2+ 83. Bf2 Rg2 84. Ke3 Rg4 85. Be1 Ng7 86. Rg3 Rh4 87. Rf3 Rh1 88. Bd2 Ne6 89. Ke2 Nf8 90. Rf1 Rh5 91. Rf2 Nd7 92. Rf3 Nb6 93. Rf2 Nc4 94. Be1 Nb2 95. Rf3 Rh1 96. Rf1 Rh2+ 97. Rf2 Rxf2+ 98. Bxf2 Nc4 1/2-1/2

[Event "Nassau CC-ch"]
[Site "Nassau"]
[Date "2001.11.26"]
[Round "7"]
[White "Berg, George P"]
[Black "Stenzel, Harold G"]
[Result "1/2-1/2"]
[WhiteElo "2119"]
[BlackElo "2039"]
[PlyCount "98"]
[EventDate "2001.??.??"]
[EventType "swiss"]
[EventRounds "10"]
[EventCountry "USA"]
[SourceTitle "EXT 2003"]
[Source "ChessBase"]
[SourceDate "2002.11.25"]
[SourceVersion "1"]
[SourceVersionDate "2002.11.25"]
[SourceQuality "1"]

1. e4 e6 2. d4 d5 3. Nc3 dxe4 4. Nxe4 Nc6 5. Nf3 b6 6. Bb5 Bb7 7. c4 a6 8. Ba4 b5 9. cxb5 axb5 10. Bxb5 Qd5 11. Nc3 Bb4 12. Qe2 Rxa2 13. Rxa2 Qxa2 14. Ne5 Bxc3+ 15. bxc3 Qxe2+ 16. Kxe2 Nge7 17. Ba3 f6 18. Nd3 Nd5 19. Kd2 Kf7 20. Nc5 Ba8 21. Re1 Nd8 22. g3 Nb6 23. Na6 c6 24. Bd3 Bb7 25. Nc5 Bc8 26. Rb1 Nd7 27. Nxd7 Bxd7 28. Rb8 g6 29. Bc5 Re8 30. Bb6 Ke7 31. Bc5+ Kf7 32. Ba6 e5 33. dxe5 fxe5 34. Bd6 e4 35. Ra8 Bf5 36. Ra7+ Ke6 37. Bb4 h5 38. h4 Kf6 39. Rc7 Be6 40. Bc5 Bd5 41. Bf1 Ne6 42. Bd4+ Nxd4 43. cxd4 Ra8 44. Be2 Ra4 45. Ke3 Ra3+ 46. Kd2 Ra2+ 47. Ke3 Ra3+ 48. Kd2 Ra4 49. Ke3 Ra3+ 1/2-1/2

[Event "Nassau CC-ch"]
[Site "Nassau"]
[Date "2001.11.19"]
[Round "6"]
[White "Stenzel, Harold G"]
[Black "Kreitner, Ilan"]
[Result "0-1"]
[WhiteElo "2039"]
[BlackElo "2200"]
[PlyCount "58"]
[EventDate "2001.??.??"]
[EventType "swiss"]
[EventRounds "10"]
[EventCountry "USA"]
[SourceTitle "EXT 2003"]
[Source "ChessBase"]
[SourceDate "2002.11.25"]
[SourceVersion "1"]
[SourceVersionDate "2002.11.25"]
[SourceQuality "1"]

1. e4 c5 2. Nf3 d6 3. d4 cxd4 4. Nxd4 Nf6 5. Nc3 g6 6. Be3 Bg7 7. f3 Nc6 8. Qd2 0-0 9. Bc4 Bd7 10. 0-0-0 Qb8 11. h4 Rc8 12. Bb3 a5 13. a4 Nxd4 14. Bxd4 b5 15. Kb1 bxa4 16. Nxa4 Bxa4 17. Bxa4 Rc4 18. Bb3 Nxe4 19. fxe4 Rxd4 20. Qf4 Rxd1+ 21. Rxd1 a4 22. Bxf7+ Kh8 23. b3 axb3 24. cxb3 Qb4 25. Qe3 Ra1+ 26. Kc2 Ra2+ 27. Kb1 Rb2+ 28. Kc1 Qa3 29. Qa7 Qxa7 0-1

[Event "Nassau CC-ch"]
[Site "Nassau"]
[Date "2001.11.05"]
[Round "4"]
[White "Mirabile, Tim"]
[Black "Stenzel, Harold G"]
[Result "1/2-1/2"]
[WhiteElo "2140"]
[BlackElo "2039"]
[PlyCount "147"]
[EventDate "2001.??.??"]
[EventType "swiss"]
[EventRounds "10"]
[EventCountry "USA"]
[SourceTitle "EXT 2003"]
[Source "ChessBase"]
[SourceDate "2002.11.25"]
[SourceVersion "1"]
[SourceVersionDate "2002.11.25"]
[SourceQuality "1"]

1. e4 e6 2. d4 d5 3. Nd2 dxe4 4. Nxe4 Nf6 5. Nxf6+ gxf6 6. Be3 Rg8 7. Qh5 Qd5 8. Qxd5 exd5 9. g3 Bd6 10. Bg2 c6 11. Ne2 Bf5 12. c3 Nd7 13. Bf4 Be7 14. Kd2 Nf8 15. Rhe1 Ne6 16. Be3 Kd7 17. h4 Bd6 18. Ng1 Rae8 19. Bh3 Bg6 20. Ne2 f5 21. Rg1 h5 22. Raf1 Kc7 23. f3 Re7 24. Bf2 Rge8 25. Re1 Rg8 26. Nc1 Ree8 27. Nd3 b6 28. Re2 Bh7 29. Ne5 Nd8 30. f4 Re6 31. Rge1 Rge8 32. Nf3 Rxe2+ 33. Rxe2 Rxe2+ 34. Kxe2 f6 35. Kd3 Nf7 36. Nh2 Be7 37. Be1 Nd6 38. Nf1 Ne4 39. Ne3 Nd6 40. a4 Bg6 41. b3 Kd7 42. c4 dxc4+ 43. bxc4 c5 44. a5 Bd8 45. axb6 axb6 46. Bc3 Ke6 47. Bg2 Ke7 48. Nd5+ Ke6 49. Be1 Ne4 50. Ne3 Nd6 51. Bh3 Bh7 52. Nc2 Bg6 53. Na1 Nf7 54. Nb3 Kd6 55. Bf2 cxd4 56. Nxd4 Nh6 57. Nb5+ Ke6 58. Bg2 Kd7 59. Kd4 Be7 60. Kc3 Bc5 61. Bd4 Ng4 62. Bf3 Bxd4+ 63. Kxd4 Nf2 64. Nc3 Bf7 65. Bd5 Bg6 66. Na4 Kc7 67. Nb2 Ne4 68. Bxe4 fxe4 69. Na4 Kc6 70. Nc3 f5 71. Nd5 Bf7 72. Ne3 Be6 73. Nc2 Kd6 74. Ne3 1/2-1/2

[Event "Nassau CC-ch"]
[Site "Nassau"]
[Date "2000.12.11"]
[Round "9"]
[White "Mirabile, Tim"]
[Black "Stenzel, Harold G"]
[Result "1-0"]
[WhiteElo "2158"]
[BlackElo "2035"]
[PlyCount "99"]
[EventDate "2000.10.??"]
[EventType "swiss"]
[EventRounds "10"]
[EventCountry "USA"]
[SourceTitle "EXT 2003"]
[Source "ChessBase"]
[SourceDate "2002.11.25"]
[SourceVersion "1"]
[SourceVersionDate "2002.11.25"]
[SourceQuality "1"]

1. e4 e6 2. d4 d5 3. Nd2 dxe4 4. Nxe4 Nf6 5. Nxf6+ gxf6 6. Be3 Qd5 7. Qf3 Qxf3 8. Nxf3 Bd7 9. g3 Bc6 10. Bg2 Nd7 11. 0-0 Bd6 12. Rfd1 h5 13. h4 Nb6 14. b3 Nd5 15. Bd2 Bb4 16. Bxb4 Nxb4 17. c3 Nd5 18. c4 Ne7 19. Ne1 0-0-0 20. Rd2 Bxg2 21. Nxg2 c5 22. Rad1 Rxd4 23. Rxd4 cxd4 24. Rxd4 Ng6 25. Kf1 Kc7 26. Ke2 e5 27. Rd1 Ne7 28. Ne3 f5 29. c5 f6 30. b4 Re8 31. Kf3 Rf8 32. b5 Re8 33. a4 Rf8 34. a5 Kc8 35. Rd6 Rf7 36. Ke2 Rf8 37. Kd3 Rf7 38. Kc4 Rf8 39. a6 bxa6 40. Rxa6 f4 41. gxf4 exf4 42. Nd5 Nf5 43. Rxa7 Kb8 44. Rh7 Nxh4 45. Nb4 Nf3 46. Nc6+ Kc8 47. Ra7 Re8 48. b6 Re4+ 49. Kc3 Ng1 50. Rc7# 1-0

[Event "Nassau CC-ch"]
[Site "Nassau"]
[Date "2000.11.20"]
[Round "6"]
[White "Kaplan, Ivan"]
[Black "Stenzel, Harold G"]
[Result "0-1"]
[WhiteElo "1813"]
[BlackElo "2035"]
[PlyCount "114"]
[EventDate "2000.10.??"]
[EventType "swiss"]
[EventRounds "10"]
[EventCountry "USA"]
[SourceTitle "EXT 2003"]
[Source "ChessBase"]
[SourceDate "2002.11.25"]
[SourceVersion "1"]
[SourceVersionDate "2002.11.25"]
[SourceQuality "1"]

1. d4 Nf6 2. c4 Nc6 3. Nc3 e5 4. d5 Ne7 5. e4 Ng6 6. h3 Bc5 7. Nf3 0-0 8. a3 a5 9. Bd3 d6 10. Bd2 Bd7 11. Rb1 Re8 12. 0-0 Nh5 13. b4 Bb6 14. Bc2 Nhf4 15. Ne2 Qf6 16. Ng3 Nh4 17. Nxh4 Qxh4 18. Qf3 axb4 19. axb4 Qxg3 20. Qxg3 Ne2+ 21. Kh2 Nxg3 22. fxg3 Bd4 23. Rfc1 Ra2 24. b5 Rea8 25. Bb4 b6 26. Bd1 f5 27. Bf3 Rf8 28. Rb3 fxe4 29. Bxe4 Rff2 30. Be1 Rfe2 31. Bf3 Rec2 32. Rxc2 Rxc2 33. g4 Rxc4 34. Ra3 Bxb5 35. Ra8+ Kf7 36. h4 Bc3 37. Bg3 Bd7 38. Be2 Ra4 39. Rh8 Bxg4 40. Bb5 Ra2 41. h5 e4 42. Bh4 Bf6 43. Be8+ Ke7 44. Bxf6+ gxf6 45. Kg3 f5 46. h6 e3 47. Bb5 Kf6 48. Rf8+ Kg6 49. Kh4 Kxh6 50. Be8 e2 51. Rf6+ Kg7 52. Rf7+ Kg8 53. Re7 Ra1 54. Kg5 e1Q 55. Bf7+ Kf8 56. Rxc7 Qe3+ 57. Kf6 Qh6+ 0-1

[Event "Nassau CC-ch"]
[Site "Nassau"]
[Date "2000.11.13"]
[Round "5"]
[White "Stenzel, Harold G"]
[Black "Bonin, Jay R"]
[Result "0-1"]
[WhiteElo "2035"]
[BlackElo "2413"]
[PlyCount "94"]
[EventDate "2000.10.??"]
[EventType "swiss"]
[EventRounds "10"]
[EventCountry "USA"]
[SourceTitle "EXT 2003"]
[Source "ChessBase"]
[SourceDate "2002.11.25"]
[SourceVersion "1"]
[SourceVersionDate "2002.11.25"]
[SourceQuality "1"]

1. e4 Nc6 2. Nf3 d6 3. d4 Nf6 4. Nc3 Bg4 5. Bb5 Nd7 6. Be3 e5 7. d5 Ncb8 8. h3 Bh5 9. 0-0 Be7 10. a3 0-0 11. Bc4 Nb6 12. Bb3 N8d7 13. Re1 Bxf3 14. Qxf3 Bg5 15. Bxb6 cxb6 16. Rad1 a6 17. Bc4 b5 18. Bf1 Rc8 19. Re2 Qf6 20. Rd3 Qxf3 21. Rxf3 Bc1 22. Nd1 Nb6 23. c3 f5 24. Rc2 Bg5 25. Bd3 f4 26. Re2 Bd8 27. g4 g5 28. Bc2 h5 29. Kg2 Rc7 30. Rd3 Rh7 31. f3 Kg7 32. gxh5 Rxh5 33. Re1 Rfh8 34. Rh1 Nc4 35. a4 bxa4 36. Bxa4 b5 37. Bc2 Bb6 38. Bb1 a5 39. b3 Na3 40. Ba2 Nc2 41. Rd2 Ne1+ 42. Rxe1 Rxh3 43. Nf2 Rg3+ 44. Kf1 Rxf3 45. Kg2 Rg3+ 46. Kf1 f3 47. Red1 Rh1+ 0-1

[Event "Nassau CC-ch"]
[Site "Nassau"]
[Date "1999.11.08"]
[Round "4"]
[White "Stenzel, Harold G"]
[Black "Shapiro, Daniel E"]
[Result "1/2-1/2"]
[WhiteElo "2077"]
[BlackElo "2356"]
[PlyCount "161"]
[EventDate "1999.10.18"]
[EventType "swiss"]
[EventRounds "10"]
[EventCountry "USA"]
[SourceTitle "EXT 2003"]
[Source "ChessBase"]
[SourceDate "2002.11.25"]
[SourceVersion "1"]
[SourceVersionDate "2002.11.25"]
[SourceQuality "1"]

1. e4 c5 2. Nf3 e6 3. d4 cxd4 4. Nxd4 a6 5. Be2 Qc7 6. 0-0 b5 7. Be3 Bb7 8. Nd2 Nf6 9. Bf3 Nc6 10. Rc1 Ne5 11. Re1 Nxf3+ 12. Qxf3 Be7 13. c4 b4 14. b3 0-0 15. Ne2 Nxe4 16. Nxe4 f5 17. Qg3 e5 18. Bh6 Rf7 19. Ng5 f4 20. Qg4 Bxg5 21. Bxg5 f3 22. Ng3 Raf8 23. Ne4 Rf4 24. Bxf4 Rxf4 25. Qh5 g6 26. Nf6+ Rxf6 27. Qxe5 Qc6 28. Qb8+ Kg7 29. Re7+ Kh6 30. Qh8 fxg2 31. Qxh7+ Kg5 32. Qh3 Rf5 33. Rce1 Qc5 34. Qg3+ Kh6 35. Qh4+ Rh5 36. Qf4+ Qg5 37. Qxg5+ Rxg5 38. Rxd7 Bf3 39. Rf7 Bg4 40. f4 Ra5 41. Kxg2 Rxa2+ 42. Kg3 Be2 43. f5 gxf5 44. Rxf5 Rb2 45. Kf4 Bd3 46. Rf6+ Kg7 47. Rxa6 Kf7 48. Re3 Rxb3 49. Rd6 Bxc4 50. Rxb3 Bxb3 51. Rb6 Kg7 52. Rxb4 Ba2 53. Kg5 Bd5 54. Rb5 Bc4 55. Rc5 Ba2 56. Rc7+ Kh8 57. Kh6 Bd5 58. Rh7+ Kg8 59. Rd7 Be6 60. Rd8+ Kf7 61. h4 Bf5 62. h5 Bc2 63. Rd2 Be4 64. Re2 Bd3 65. Re3 Bb1 66. Rg3 Bc2 67. Rg6 Bd3 68. Rd6 Bb1 69. Rd7+ Kg8 70. Rg7+ Kf8 71. Rg1 Bd3 72. Kg5 Kg7 73. Rg3 Bc2 74. Rc3 Be4 75. Rc7+ Kh8 76. Kf6 Bd3 77. Kf7 Kh7 78. Rc6 Be2 79. h6 Bh5+ 80. Kf8 Bg6 81. Rxg6 1/2-1/2

[Event "Nassau CC-ch"]
[Site "Nassau"]
[Date "1999.11.01"]
[Round "3"]
[White "Bierkens, Pieter"]
[Black "Stenzel, Harold G"]
[Result "0-1"]
[WhiteElo "2154"]
[BlackElo "2077"]
[PlyCount "83"]
[EventDate "1999.10.18"]
[EventType "swiss"]
[EventRounds "10"]
[EventCountry "USA"]
[SourceTitle "EXT 2003"]
[Source "ChessBase"]
[SourceDate "2002.11.25"]
[SourceVersion "1"]
[SourceVersionDate "2002.11.25"]
[SourceQuality "1"]

1. e4 e6 2. d4 d5 3. e5 c5 4. Nf3 Nc6 5. Bd3 Bd7 6. 0-0 Qb6 7. dxc5 Bxc5 8. Nbd2 Rc8 9. Nb3 Be7 10. c3 a5 11. a4 Qc7 12. Bf4 h6 13. h4 g5 14. Bg3 gxh4 15. Nxh4 Bxh4 16. Bxh4 Qxe5 17. Bg3 Qg7 18. Nc5 h5 19. Nxd7 Kxd7 20. Bb5 h4 21. Bh2 Nf6 22. Qf3 Ne4 23. Rad1 Ke7 24. c4 Nd4 25. Rxd4 Qxd4 26. Rd1 Qxb2 27. Qe3 Qc3 28. cxd5 Qxe3 29. d6+ Kd8 30. fxe3 Nc3 31. Be5 Nxb5 32. Bxh8 Kd7 33. axb5 Rxh8 34. Rf1 f5 35. b6 Rc8 36. Ra1 Rc5 37. Ra4 Kxd6 38. Rxh4 Kc6 39. Rd4 Kxb6 40. e4 Kb5 41. exf5 exf5 42. Kf2 0-1